000 01235nam a22002417a 4500
999 _c1380
_d1380
003 AR-CdUCM
008 190226b ||||| |||| 00| 0 spa d
040 _aMUNICIPALIDAD PROVINCIAL DEL CUSCO
_cBIBLIOTECA MUNICIPAL DEL CUSCO
041 _hfre
082 _a838.909 /
_bS56
100 _aSimon, Pierre Henri
_95261
245 _aHistoria de la literatura francesa contemporánea (1900-1950)
_cPierre Henri Simon
260 _aBarcelona :
_bVergara,
_c1958.
300 _a246 paginas ;
_c18 cm.
505 _acontiene: t.1 -- La continuación del siglo XIX: los maestro --La continuación del siglo XIX: poetas novelistas y dramaturgos -- La literatura de invención los políticos ... t.2 -- Las obras en curso: la generación de 1870 -- la generación de 1885 los grandes frescos de historia social -- la generación de 1885 moralistas agnósticos y cristianos -- Las nuevas tendencias criticas y negativas ante la civilización burguesa -- las nuevas tendencias: itinerarios hacia lo abstracto ...
650 _aHistoria
_9136
650 _aLiteratura Francesa
_9614
650 _aContemporáneo
_9512
650 _aDemocracia Burguesa
_95262
700 _aPetit, Juan
_95263
942 _2ddc
_cLIBROS
945 _aacv
_d2019-02-26